[Event "Lazy Baltic Pearl op-C 21st"]
[Site "Lazy"]
[Date "2025.07.03"]
[Round "4"]
[White "Lukasiewicz, Anna"]
[Black "Mulet, Piotr"]
[Result "0-1"]
[WhiteElo "1914"]
[BlackElo "2034"]
[PlyCount "54"]
[EventDate "2025.06.30"]
[EventType "swiss"]
[EventRounds "9"]
[EventCountry "POL"]
[SourceTitle "CB28_2025"]
[SourceDate "2025.07.09"]
[SourceVersion "1"]
[SourceVersionDate "2025.07.09"]
[SourceQuality "1"]

1. e4 c6 2. d4 d5 3. exd5 cxd5 4. Bd3 Nc6 5. c3 Qc7 6. Ne2 Bg4 7. 0-0 e6 8. Qe1 Bd6 9. f4 Nge7 10. Ng3 g6 11. a4 Bf5 12. Nxf5 gxf5 13. Qf2 Rg8 14. b3 Rg4 15. h3 Rg7 16. Ba3 0-0-0 17. Bxd6 Qxd6 18. Qd2 Rdg8 19. Rf2 Ng6 20. Bf1 Nh4 21. Kh1 Rg3 22. Na3 Qf8 23. Nc2 Qg7 24. Ne1 Rxh3+ 25. Kg1 Qg3 26. Re2 Rg4 27. c4 Qh2+ 0-1

[Event "Lazy Baltic Pearl op-C 21st"]
[Site "Lazy"]
[Date "2025.07.01"]
[Round "2"]
[White "Czarnik, Jozef"]
[Black "Mulet, Piotr"]
[Result "0-1"]
[WhiteElo "1855"]
[BlackElo "2034"]
[PlyCount "107"]
[EventDate "2025.06.30"]
[EventType "swiss"]
[EventRounds "9"]
[EventCountry "POL"]
[SourceTitle "CB28_2025"]
[SourceDate "2025.07.09"]
[SourceVersion "1"]
[SourceVersionDate "2025.07.09"]
[SourceQuality "1"]

1. d4 Nf6 2. Nf3 g6 3. h3 Bg7 4. Bf4 c5 5. c3 cxd4 6. cxd4 Qb6 7. Qc1 Nc6 8. e3 d6 9. Be2 Bf5 10. g4 Be6 11. Nc3 Nd5 12. Nxd5 Bxd5 13. 0-0 0-0 14. Qd2 Rad8 15. Bg3 e5 16. Rfd1 exd4 17. exd4 Rfe8 18. a4 Bxf3 19. Bxf3 Nxd4 20. Qd3 Be5 21. Bh4 Rc8 22. a5 Qxb2 23. Rab1 Qa2 24. Rxb7 Qxa5 25. Bg2 Qc3 26. Qxc3 Ne2+ 27. Kf1 Nxc3 28. Ra1 Bd4 29. Bg3 d5 30. Rd7 Red8 31. Rxd8+ Rxd8 32. Bc7 Rc8 33. Ba5 Bb6 34. Bxc3 Rxc3 35. Bxd5 Rxh3 36. Ra2 Rd3 37. Be4 Rd4 38. f3 Kg7 39. Ke2 Kf6 40. Rd2 Rxd2+ 41. Kxd2 Ke5 42. Ke2 Kf4 43. Bd5 f5 44. Be6 a5 45. Kf1 a4 46. Kg2 a3 47. gxf5 gxf5 48. Ba2 h5 49. Bf7 h4 50. Bd5 Ba5 51. Kh3 Be1 52. Kg2 Ke5 53. Ba2 f4 54. Bc4 0-1

[Event "Lazy Baltic Pearl op-A 20th"]
[Site "Lazy"]
[Date "2024.06.26"]
[Round "3"]
[White "Mulet, Piotr"]
[Black "Gniadek, Andrzej"]
[Result "0-1"]
[WhiteElo "2041"]
[BlackElo "1848"]
[PlyCount "124"]
[EventDate "2024.06.24"]
[EventType "swiss"]
[EventRounds "9"]
[EventCountry "POL"]
[SourceTitle "CBM 220 Extra"]
[Source "ChessBase"]
[SourceDate "2024.07.31"]
[SourceVersion "1"]
[SourceVersionDate "2024.07.31"]
[SourceQuality "1"]

1. d4 Nf6 2. c4 e6 3. Nc3 d5 4. cxd5 exd5 5. Bg5 c6 6. Qc2 Be6 7. e3 Nbd7 8. Bd3 Bd6 9. Nf3 h6 10. Bh4 0-0 11. 0-0 Re8 12. Rab1 Bg4 13. Nd2 Nf8 14. b4 Bh5 15. Bg3 Bxg3 16. hxg3 Rc8 17. Ne2 Bxe2 18. Bxe2 Ne6 19. Qf5 Nxd4 20. exd4 Rxe2 21. Qd3 Qe7 22. a4 Re8 23. b5 c5 24. dxc5 Qxc5 25. Nb3 Qd6 26. a5 Qe5 27. Nd4 Re4 28. Rbd1 Qc7 29. Qa3 Qc4 30. Nf5 Qb4 31. Qa1 R8e5 32. Nd4 Qd6 33. Rd3 Re8 34. a6 bxa6 35. bxa6 Qe5 36. Rdd1 Rc8 37. Rd2 Rc4 38. Rfd1 h5 39. f3 Re3 40. Kf2 h4 41. gxh4 Qf4 42. Kg1 Rec3 43. Qb2 Nh5 44. Qb7 Ng3 45. Qxd5 Rc1 46. Qd8+ Kh7 47. Nb3 Qe3+ 48. Kh2 Nf1+ 49. Rxf1 Rxf1 50. Qd3+ Qxd3 51. Rxd3 Rxh4+ 52. Kg3 Rh6 53. Nd2 Rd1 54. Kf2 Rxa6 55. Ke2 Rg1 56. g4 Ra2 57. Ke3 Rd1 58. Ke2 Rdxd2+ 59. Rxd2 Rxd2+ 60. Kxd2 Kg6 61. f4 Kf6 62. Kd3 g5 0-1

[Event "Lazy Baltic Pearl op-A 19th"]
[Site "Lazy"]
[Date "2023.06.29"]
[Round "4"]
[White "Mulet, Piotr"]
[Black "Wiatrowski, Zbigniew"]
[Result "1-0"]
[WhiteElo "2068"]
[BlackElo "1773"]
[PlyCount "198"]
[EventDate "2023.06.26"]
[EventType "swiss"]
[EventRounds "9"]
[EventCountry "POL"]
[SourceTitle "CBM 215 Extra"]
[Source "ChessBase"]
[SourceDate "2023.09.30"]
[SourceVersion "1"]
[SourceVersionDate "2023.09.30"]
[SourceQuality "1"]

1. d4 Nf6 2. c4 e6 3. Nc3 Bb4 4. Qc2 b6 5. Nf3 Bb7 6. Bd2 0-0 7. e3 Bxc3 8. Bxc3 Ne4 9. Be2 f5 10. b4 Qe7 11. a3 Nxc3 12. Qxc3 d6 13. 0-0 Nd7 14. Nd2 e5 15. d5 g5 16. e4 fxe4 17. Nxe4 h6 18. Qh3 Nf6 19. Qxh6 Nxe4 20. Qg6+ Qg7 21. Qxe4 Rf4 22. Qe3 Raf8 23. g3 Bc8 24. Kh1 R4f6 25. f3 Bh3 26. Rf2 e4 27. Re1 Qg6 28. Bd1 exf3 29. Rxf3 Rxf3 30. Bxf3 Qf5 31. Bg2 Bxg2+ 32. Kxg2 Qc2+ 33. Qe2 Qxe2+ 34. Rxe2 Rf7 35. Re8+ Kg7 36. b5 Kf6 37. Kf3 Rh7 38. Re6+ Kf7 39. Kg2 Rh8 40. a4 a6 41. h3 Ra8 42. Kf3 axb5 43. axb5 Ra3+ 44. Kg4 Rc3 45. Re4 Kf6 46. h4 gxh4 47. gxh4 Rc1 48. Rf4+ Kg6 49. Re4 Rg1+ 50. Kf4 Rf1+ 51. Ke3 Rf7 52. Rf4 Re7+ 53. Kf3 Re1 54. Re4 Rf1+ 55. Ke2 Rf7 56. Kd3 Kh5 57. Ke3 Rf1 58. Rf4 Re1+ 59. Kf2 Re7 60. Kg3 Rg7+ 61. Kh3 Kh6 62. Rf6+ Kh5 63. Rf5+ Kh6 64. h5 Re7 65. Kg4 Re4+ 66. Rf4 Re1 67. Rf6+ Kg7 68. Re6 Rg1+ 69. Kf3 Kf7 70. Re4 Rh1 71. Kg4 Kf6 72. Rf4+ Kg7 73. Kg5 Rg1+ 74. Rg4 Rf1 75. h6+ Kh7 76. Rf4 Rg1+ 77. Kf6 Re1 78. Rg4 Kh8 79. Rg7 Rf1+ 80. Ke6 Re1+ 81. Kf5 Rf1+ 82. Ke4 Re1+ 83. Kd3 Rd1+ 84. Kc2 Rh1 85. Rxc7 Rxh6 86. Rc6 Kg8 87. Rxb6 Kf8 88. Kc3 Ke8 89. Rb7 Rh1 90. Kb4 Kd8 91. b6 Rb1+ 92. Ka5 Rc1 93. Kb5 Kc8 94. Rc7+ Kd8 95. Rc6 Kd7 96. b7 Rb1+ 97. Ka6 Rb4 98. Ka7 Ra4+ 99. Ra6 Ra5 1-0

[Event "Lazy Baltic Pearl op-A 18th"]
[Site "Lazy"]
[Date "2022.07.04"]
[Round "9"]
[White "Kaliszuk, Kamil"]
[Black "Mulet, Piotr"]
[Result "1-0"]
[WhiteElo "2088"]
[BlackElo "2111"]
[PlyCount "57"]
[EventDate "2022.06.26"]
[EventType "swiss"]
[EventRounds "9"]
[EventCountry "POL"]
[SourceTitle "CBM 209 Extra"]
[Source "ChessBase"]
[SourceDate "2022.09.30"]
[SourceVersion "1"]
[SourceVersionDate "2022.09.30"]
[SourceQuality "1"]

1. d4 Nf6 2. c4 g6 3. f3 d5 4. cxd5 Nxd5 5. e4 Nb6 6. Nc3 Bg7 7. Be3 0-0 8. Qd2 f5 9. e5 Nc6 10. 0-0-0 Nb4 11. Nh3 Be6 12. Kb1 Qd7 13. Nf4 Rad8 14. a3 N4d5 15. Ncxd5 Nxd5 16. Nxe6 Qxe6 17. Bc4 f4 18. Bf2 c6 19. h4 Qf5+ 20. Qc2 Qxc2+ 21. Kxc2 h5 22. Rhg1 b5 23. Bd3 Kf7 24. g4 fxg3 25. Rxg3 Nf4 26. Be4 Bh6 27. Rdg1 Ne2 28. Rxg6 Nxg1 29. e6+ 1-0

[Event "Lazy Baltic Pearl op-A 18th"]
[Site "Lazy"]
[Date "2022.07.02"]
[Round "7"]
[White "Krainski, Aleksander"]
[Black "Mulet, Piotr"]
[Result "1/2-1/2"]
[WhiteElo "2053"]
[BlackElo "2111"]
[PlyCount "60"]
[EventDate "2022.06.26"]
[EventType "swiss"]
[EventRounds "9"]
[EventCountry "POL"]
[SourceTitle "CBM 209 Extra"]
[Source "ChessBase"]
[SourceDate "2022.09.30"]
[SourceVersion "1"]
[SourceVersionDate "2022.09.30"]
[SourceQuality "1"]

1. d4 Nf6 2. Nf3 g6 3. e3 Bg7 4. Be2 d5 5. 0-0 0-0 6. b4 Ne4 7. Bb2 a5 8. b5 c5 9. Nc3 Nxc3 10. Bxc3 Nd7 11. Rb1 a4 12. Ba1 c4 13. Ne5 Qc7 14. Nxd7 Bxd7 15. Bf3 e6 16. Bc3 Qb6 17. Qc1 Rfc8 18. e4 dxe4 19. Bxe4 Rc7 20. Rd1 Be8 21. Qd2 Rd7 22. g3 Rc8 23. Bg2 Rd6 24. Rb4 a3 25. Rbb1 Qa7 26. Qe1 b6 27. d5 Bxc3 28. Qxc3 exd5 29. Rxd5 Rxd5 30. Bxd5 Qe7 1/2-1/2

[Event "Lazy Baltic Pearl op-A 18th"]
[Site "Lazy"]
[Date "2022.06.30"]
[Round "5"]
[White "Bury, Milosz"]
[Black "Mulet, Piotr"]
[Result "0-1"]
[WhiteElo "1685"]
[BlackElo "2111"]
[PlyCount "92"]
[EventDate "2022.06.26"]
[EventType "swiss"]
[EventRounds "9"]
[EventCountry "POL"]
[SourceTitle "CBM 209 Extra"]
[Source "ChessBase"]
[SourceDate "2022.09.30"]
[SourceVersion "1"]
[SourceVersionDate "2022.09.30"]
[SourceQuality "1"]

1. e4 e5 2. Nf3 Nc6 3. d4 exd4 4. Nxd4 Bc5 5. Nxc6 Qf6 6. Qf3 dxc6 7. Nc3 Be6 8. Be3 Qxf3 9. gxf3 Bxe3 10. fxe3 0-0-0 11. Rg1 g6 12. Bd3 Ne7 13. 0-0-0 h5 14. h4 c5 15. b3 c6 16. a4 Kc7 17. Ne2 Rhf8 18. Nf4 Bd7 19. Rd2 Bc8 20. Rgd1 b6 21. Bc4 Rxd2 22. Rxd2 a6 23. Bf1 b5 24. c4 bxa4 25. bxa4 f6 26. Bh3 Bxh3 27. Nxh3 Rb8 28. Nf4 Rb4 29. Rg2 Rxc4+ 30. Kb2 Rb4+ 31. Kc3 Rxa4 32. Nxg6 Nc8 33. Nf4 Nd6 34. Rg7+ Kb6 35. Nxh5 c4 36. Nxf6 Nb5+ 37. Kc2 Ra2+ 38. Kc1 Na3 39. Nd7+ Kb5 40. Ne5 c3 41. Rb7+ Ka4 42. Kd1 Rd2+ 43. Ke1 Nc2+ 44. Kf1 Nxe3+ 45. Ke1 Ng2+ 46. Kf1 c2 0-1

[Event "Lazy Baltic Pearl op-A 18th"]
[Site "Lazy"]
[Date "2022.06.27"]
[Round "2"]
[White "Mulet, Piotr"]
[Black "Kossowski, Pawel"]
[Result "1-0"]
[WhiteElo "2111"]
[BlackElo "1737"]
[PlyCount "39"]
[EventDate "2022.06.26"]
[EventType "swiss"]
[EventRounds "9"]
[EventCountry "POL"]
[SourceTitle "CBM 209 Extra"]
[Source "ChessBase"]
[SourceDate "2022.09.30"]
[SourceVersion "1"]
[SourceVersionDate "2022.09.30"]
[SourceQuality "1"]

1. d4 Nf6 2. c4 e6 3. Nc3 Bb4 4. Qc2 0-0 5. Nf3 d5 6. cxd5 exd5 7. Bg5 c6 8. e3 Nbd7 9. Bd3 h6 10. Bh4 Re8 11. 0-0 Nf8 12. Ne5 Ne6 13. f4 a6 14. Bh7+ Kf8 15. Ne2 Be7 16. Ng3 g5 17. Nxf7 Qc7 18. fxg5 hxg5 19. Bxg5 Nxg5 20. Nxg5 1-0

[Event "EU-ch Rapid"]
[Site "Katowice"]
[Date "2021.12.18"]
[Round "5"]
[White "Mulet, Piotr"]
[Black "Savicevs, Arsenijs"]
[Result "0-1"]
[WhiteElo "2149"]
[BlackElo "1669"]
[PlyCount "110"]
[EventDate "2021.12.18"]
[EventType "swiss (rapid)"]
[EventRounds "11"]
[EventCountry "POL"]
[SourceTitle "CBM 205 Extra"]
[Source "ChessBase"]
[SourceDate "2022.01.31"]
[SourceVersion "1"]
[SourceVersionDate "2022.01.31"]
[SourceQuality "1"]

1. e4 c5 2. c3 d5 3. exd5 Qxd5 4. d4 e6 5. Nf3 Nf6 6. Na3 cxd4 7. Nb5 Na6 8. Qxd4 Bc5 9. Qxd5 Nxd5 10. Bc4 Nac7 11. Nxc7+ Nxc7 12. Bf4 Bb6 13. a4 a5 14. 0-0 f6 15. Bxc7 Bxc7 16. Nd4 e5 17. Nb5 Bb6 18. Rfd1 Bg4 19. Rd2 Ke7 20. h3 Bd7 21. Rad1 Rhd8 22. Bd5 Bxb5 23. axb5 Rab8 24. Kf1 Bc5 25. h4 b6 26. Rd3 Rd6 27. h5 Rbd8 28. c4 f5 29. b3 Rh6 30. Rh3 e4 31. f3 g6 32. fxe4 fxe4 33. Ke2 Rxh5 34. Rxh5 gxh5 35. Rh1 Kf6 36. Bxe4 Kg5 37. Rf1 Rf8 38. Bf3 Re8+ 39. Kd2 h4 40. Kc2 Re3 41. Rh1 h6 42. Rf1 Bd4 43. Rd1 Rc3+ 44. Kd2 Rxb3 45. Ke2 Re3+ 46. Kf1 Bc5 47. Rd5+ Kf6 48. Rh5 Kg6 49. Rxh4 a4 50. Rg4+ Kf5 51. Rg8 a3 52. Ra8 Rc3 53. Bd5 Rc2 54. Ke1 a2 55. Kd1 Rb2 0-1

[Event "Suwalki Warakomska Memorial 5th"]
[Site "Suwalki"]
[Date "2021.08.01"]
[Round "7"]
[White "Karolczuk, Iwo"]
[Black "Mulet, Piotr"]
[Result "1-0"]
[WhiteElo "2129"]
[BlackElo "2215"]
[PlyCount "93"]
[EventDate "2021.07.27"]
[EventType "swiss"]
[EventRounds "9"]
[EventCountry "POL"]
[SourceTitle "CBM 203 Extra"]
[Source "ChessBase"]
[SourceDate "2021.09.30"]
[SourceVersion "1"]
[SourceVersionDate "2021.09.30"]
[SourceQuality "1"]

1. e4 e5 2. Nf3 Nf6 3. Nxe5 d6 4. Nf3 Nxe4 5. Nc3 Nxc3 6. dxc3 Be7 7. Be3 0-0 8. Qd2 Nc6 9. 0-0-0 a6 10. Bd3 Ne5 11. Nxe5 dxe5 12. Qe2 Qe8 13. g4 Qa4 14. Bc4 b5 15. Bb3 Qxg4 16. f3 Qh5 17. Bd5 Be6 18. Bxa8 Rxa8 19. Qg2 c6 20. Rhg1 g6 21. Kb1 Bd5 22. Rdf1 f5 23. Qf2 Bh4 24. Qg2 Be7 25. Qf2 Rd8 26. Bb6 Re8 27. f4 Qh4 28. Qe3 Bd6 29. Bd4 Bc4 30. Rf2 e4 31. b3 Bd5 32. Qd2 Qe7 33. Rg3 Rd8 34. Rh3 c5 35. Be3 Bf7 36. Qe1 Qf6 37. Rd2 Bf8 38. Rxd8 Qxd8 39. Qd2 Qxd2 40. Bxd2 Bd6 41. Rg3 h6 42. Rg2 g5 43. fxg5 h5 44. Rf2 Be6 45. Bf4 Bf8 46. h4 Bg7 47. Rd2 1-0

[Event "Suwalki Warakomska Memorial 5th"]
[Site "Suwalki"]
[Date "2021.07.29"]
[Round "3"]
[White "Backiel, Hubert"]
[Black "Mulet, Piotr"]
[Result "1-0"]
[WhiteElo "1955"]
[BlackElo "2215"]
[PlyCount "73"]
[EventDate "2021.07.27"]
[EventType "swiss"]
[EventRounds "9"]
[EventCountry "POL"]
[SourceTitle "CBM 203 Extra"]
[Source "ChessBase"]
[SourceDate "2021.09.30"]
[SourceVersion "1"]
[SourceVersionDate "2021.09.30"]
[SourceQuality "1"]

1. e4 c5 2. Nf3 Nc6 3. d4 cxd4 4. Nxd4 g6 5. c4 Bg7 6. Be3 d6 7. Nc3 Nf6 8. f3 0-0 9. Qd2 a6 10. 0-0-0 Nxd4 11. Bxd4 Be6 12. Kb1 b5 13. Nd5 Bxd5 14. cxd5 Nd7 15. Bxg7 Kxg7 16. h4 f6 17. h5 g5 18. h6+ Kh8 19. g3 Qb6 20. f4 Rg8 21. Bd3 gxf4 22. gxf4 Rg3 23. e5 Rag8 24. Bf5 Rg2 25. Qc1 Nc5 26. exf6 exf6 27. Rhe1 Qd8 28. Qe3 Rh2 29. Rd2 Rxh6 30. Be6 Rg7 31. Rde2 Re7 32. Qd4 a5 33. f5 Re8 34. Rg2 Nxe6 35. dxe6 Qa8 36. Reg1 Rc8 37. Qg4 1-0

[Event "Suwalki Warakomska Memorial 5th"]
[Site "Suwalki"]
[Date "2021.07.27"]
[Round "1"]
[White "Socko, Bartosz"]
[Black "Mulet, Piotr"]
[Result "1-0"]
[WhiteElo "2619"]
[BlackElo "2215"]
[PlyCount "91"]
[EventDate "2021.07.27"]
[EventType "swiss"]
[EventRounds "9"]
[EventCountry "POL"]
[SourceTitle "CBM 203 Extra"]
[Source "ChessBase"]
[SourceDate "2021.09.30"]
[SourceVersion "1"]
[SourceVersionDate "2021.09.30"]
[SourceQuality "1"]

1. d4 Nf6 2. c4 g6 3. f3 d5 4. cxd5 Nxd5 5. e4 Nb6 6. Nc3 Bg7 7. Be3 0-0 8. Qd2 Nc6 9. 0-0-0 e5 10. d5 Nd4 11. f4 c5 12. fxe5 Bg4 13. Re1 Bxe5 14. h3 Bd7 15. Nf3 Nxf3 16. gxf3 f5 17. Bxc5 fxe4 18. Rxe4 Qc7 19. Bxb6 axb6 20. d6 Qxd6 21. Rxe5 Qxe5 22. Qxd7 Rxf3 23. Bc4+ Kh8 24. Qxb7 Qe3+ 25. Kb1 Rd8 26. Ka1 Rd2 27. Bb3 Rd3 28. Nd5 Qe2 29. Qc8+ Kg7 30. Qc7+ Kh6 31. Qc1+ Qd2 32. Qxd2+ Rxd2 33. Nxb6 Rh2 34. Rc1 Rfxh3 35. Bd5 Rd2 36. a4 Rhd3 37. a5 Rxd5 38. Nxd5 Rxd5 39. b4 Rd4 40. Rb1 g5 41. a6 Rd6 42. b5 Rd4 43. Rb2 Rd1+ 44. Ka2 Rd4 45. b6 Ra4+ 46. Kb1 1-0

[Event "Suwalki Warakomska Memorial 4th"]
[Site "Suwalki"]
[Date "2020.08.11"]
[Round "7"]
[White "Mulet, Piotr"]
[Black "Malaczek, Mateusz"]
[Result "1-0"]
[WhiteElo "2217"]
[BlackElo "2036"]
[PlyCount "69"]
[EventDate "2020.08.06"]
[EventType "swiss"]
[EventRounds "9"]
[EventCountry "POL"]
[SourceTitle "CBM 197 Extra"]
[Source "ChessBase"]
[SourceDate "2020.09.30"]
[SourceVersion "1"]
[SourceVersionDate "2020.09.30"]
[SourceQuality "1"]

1. e4 g6 2. d4 Bg7 3. Nc3 d6 4. Bc4 Nf6 5. Nf3 0-0 6. 0-0 Nc6 7. d5 Nb8 8. h3 c6 9. dxc6 Nxc6 10. Be3 a6 11. a4 Bd7 12. Qd2 Rc8 13. Bd3 Na5 14. Bh6 Be6 15. Bxg7 Kxg7 16. b3 Qc7 17. Ne2 d5 18. e5 Ne4 19. Qe3 Nc5 20. Nfd4 Nxd3 21. cxd3 Qd7 22. h4 Nc6 23. Rae1 Nxd4 24. Nxd4 Rc3 25. h5 h6 26. f4 Kh7 27. Qd2 Rfc8 28. Re3 Bf5 29. e6 fxe6 30. Rfe1 Bg4 31. hxg6+ Kg8 32. f5 Bxf5 33. Nxf5 Rc2 34. Nxh6+ Kg7 35. Qd1 1-0

[Event "POL-chT 2nd League"]
[Site "Jastrzebia Gora"]
[Date "2019.09.15"]
[Round "9.14"]
[White "Nowak, Kamil"]
[Black "Mulet, Piotr"]
[Result "0-1"]
[WhiteElo "2296"]
[BlackElo "2230"]
[PlyCount "134"]
[EventDate "2019.09.07"]
[EventType "team-swiss"]
[EventRounds "9"]
[EventCountry "POL"]
[SourceTitle "EXT 2020"]
[Source "ChessBase"]
[SourceDate "2019.10.17"]
[SourceVersion "1"]
[SourceVersionDate "2019.10.17"]
[SourceQuality "1"]
[WhiteTeam "Zarow Goniec"]
[BlackTeam "Gliwice Roszada"]
[WhiteTeamCountry "POL"]
[BlackTeamCountry "POL"]

1. d4 Nf6 2. c4 g6 3. Nc3 d5 4. cxd5 Nxd5 5. e4 Nxc3 6. bxc3 Bg7 7. Qa4+ Nd7 8. Nf3 0-0 9. Be2 c5 10. 0-0 b6 11. Ba3 Qc7 12. Rac1 a6 13. Rfe1 e5 14. Qc2 Re8 15. d5 b5 16. c4 b4 17. Bb2 a5 18. Rb1 Nb6 19. Bd3 Bd7 20. Bc1 Reb8 21. Bd2 Nc8 22. Be3 Bf8 23. Nd2 Bd6 24. Nf1 f6 25. Ng3 a4 26. Ne2 a3 27. Nc1 Nb6 28. Nb3 Na4 29. h4 h5 30. Rf1 Rf8 31. f3 f5 32. Bg5 f4 33. Kf2 Bc8 34. Rh1 Be7 35. Bxe7 Qxe7 36. Rh2 Kh7 37. Rbh1 Bd7 38. Ke1 Qd8 39. Kd1 Rc8 40. Kc1 Nc3 41. Kd2 Ba4 42. Be2 Kg7 43. Bd1 Qd6 44. Ke1 Rf6 45. Qf2 Ra8 46. Qc2 Rf7 47. Kd2 Rc7 48. Be2 Rac8 49. Bd3 Qb6 50. Ra1 Nb5 51. Qd1 Bxb3 52. axb3 Nd4 53. Bb1 Qf6 54. Ba2 Rh8 55. Qe1 Kf8 56. Qf2 g5 57. hxg5 Qxg5 58. Rah1 Rg7 59. Kd3 Ke7 60. Qe1 Rh6 61. Qf2 Rgg6 62. Qe1 Kf6 63. Qf2 Qg3 64. Qxg3 Rxg3 65. Rxh5 Rxh5 66. Rxh5 Rxg2 67. d6 Nxf3 0-1

[Event "POL-chT 2nd League"]
[Site "Jastrzebia Gora"]
[Date "2019.09.07"]
[Round "1.15"]
[White "Budrewicz, Krzysztof"]
[Black "Mulet, Piotr"]
[Result "1-0"]
[WhiteElo "2275"]
[BlackElo "2230"]
[PlyCount "73"]
[EventDate "2019.09.07"]
[EventType "team-swiss"]
[EventRounds "9"]
[EventCountry "POL"]
[SourceTitle "EXT 2020"]
[Source "ChessBase"]
[SourceDate "2019.10.17"]
[SourceVersion "1"]
[SourceVersionDate "2019.10.17"]
[SourceQuality "1"]
[WhiteTeam "Olsztyn Kopernik"]
[BlackTeam "Gliwice Roszada"]
[WhiteTeamCountry "POL"]
[BlackTeamCountry "POL"]

1. d4 Nf6 2. Bg5 g6 3. Bxf6 exf6 4. e3 Bg7 5. Ne2 0-0 6. Nf4 d5 7. h4 Bh6 8. Qf3 c6 9. Nd2 f5 10. c4 Na6 11. h5 g5 12. Nd3 dxc4 13. Nxc4 Be6 14. Nd2 Qd6 15. Qd1 Bd5 16. Qc2 Rac8 17. Nc5 Nxc5 18. dxc5 Qf6 19. Bd3 Be6 20. 0-0-0 b6 21. Nb3 g4 22. g3 Rb8 23. Rd2 Rfd8 24. Rhd1 bxc5 25. Nxc5 Bf8 26. Nxe6 fxe6 27. Bc4 Rxd2 28. Rxd2 Kh8 29. Rd7 Bg7 30. Rxa7 f4 31. gxf4 Qh4 32. b4 Qh2 33. Rd7 g3 34. fxg3 Qg1+ 35. Kd2 Qxg3 36. Be2 e5 37. h6 1-0

[Event "Suwalki Warakomska Memorial 3rd"]
[Site "Suwalki"]
[Date "2019.08.06"]
[Round "2"]
[White "Czarnota, Pawel"]
[Black "Mulet, Piotr"]
[Result "1-0"]
[WhiteElo "2532"]
[BlackElo "2244"]
[PlyCount "143"]
[EventDate "2019.08.05"]
[EventType "swiss"]
[EventRounds "9"]
[EventCountry "POL"]
[SourceTitle "CBM 191 Extra"]
[Source "ChessBase"]
[SourceDate "2019.09.30"]
[SourceVersion "1"]
[SourceVersionDate "2019.09.30"]
[SourceQuality "1"]

1. e4 e6 2. d4 d5 3. Nd2 Nf6 4. e5 Nfd7 5. Bd3 c5 6. c3 Nc6 7. Ne2 f6 8. exf6 Qxf6 9. Nf3 Bd6 10. 0-0 0-0 11. Bc2 cxd4 12. cxd4 Nb6 13. Bg5 Qf7 14. Bh4 g6 15. Bg3 Bxg3 16. hxg3 Bd7 17. Rc1 Rac8 18. Bb1 Qf6 19. b3 Rf7 20. Qd2 Re7 21. Nf4 Rf8 22. Rfe1 Be8 23. Qe3 Nc8 24. Nd3 Nd6 25. Nde5 Nf5 26. Bxf5 Qxf5 27. Nxc6 Bxc6 28. Ne5 Be8 29. f3 g5 30. g4 Qf4 31. Kf2 h5 32. Qxf4 Rxf4 33. Ke3 hxg4 34. Nxg4 Kg7 35. Rh1 a5 36. Rc8 Rf8 37. Ne5 b5 38. Rhc1 Rh8 39. Ra8 Rh2 40. Rcc8 Bf7 41. Kf2 a4 42. bxa4 bxa4 43. Rxa4 Rb7 44. Kg3 Rh4 45. Rca8 Bg6 46. R4a7 Rxa7 47. Rxa7+ Kf6 48. Ng4+ Kf5 49. Ra8 Bh7 50. Rf8+ Kg6 51. Rf6+ Kg7 52. Rxe6 Bf5 53. Re5 Kg6 54. Rxd5 Bxg4 55. fxg4 Rh1 56. a4 Ra1 57. a5 Ra3+ 58. Kf2 Kf6 59. Rf5+ Kg6 60. Rb5 Kf6 61. Ke2 Kg6 62. Kd2 Rg3 63. a6 Rxg4 64. Ra5 Rxd4+ 65. Ke3 Rd8 66. a7 Ra8 67. Kd4 Kh5 68. Kc5 Kh4 69. Kb6 g4 70. Ra3 Rg8 71. a8Q Rxa8 72. Rxa8 1-0

[Event "Suwalki Warakomska Memorial 2nd"]
[Site "Suwalki"]
[Date "2018.08.02"]
[Round "2"]
[White "Mulet, Piotr"]
[Black "Lisowski, Krzysztof"]
[Result "1-0"]
[WhiteElo "2202"]
[BlackElo "2072"]
[PlyCount "107"]
[EventDate "2018.08.01"]
[EventType "swiss"]
[EventRounds "9"]
[EventCountry "POL"]
[SourceTitle "CBM 185 Extra"]
[Source "ChessBase"]
[SourceDate "2018.07.29"]
[SourceVersion "1"]
[SourceVersionDate "2018.07.29"]
[SourceQuality "1"]

1. e4 c5 2. Nf3 Nc6 3. c3 d5 4. exd5 Qxd5 5. d4 Bg4 6. Be2 cxd4 7. cxd4 e6 8. Nc3 Qa5 9. d5 exd5 10. Nd4 Bxe2 11. Qxe2+ Be7 12. Nxc6 bxc6 13. 0-0 Rd8 14. Bf4 Nf6 15. Rfe1 Rd7 16. Bd6 Qd8 17. Bc5 Kf8 18. Bd4 c5 19. Be5 h5 20. Rad1 d4 21. Nb5 Nd5 22. Qf3 Rh6 23. Na3 h4 24. h3 Kg8 25. Nc4 Bg5 26. Re2 Re6 27. Rde1 Nb6 28. Nd6 Rdxd6 29. Bxd6 Qxd6 30. Rxe6 fxe6 31. Qg4 Qf4 32. Qxe6+ Kh7 33. Re4 Qc1+ 34. Kh2 Bf4+ 35. g3 hxg3+ 36. Kg2 gxf2 37. Qf5+ g6 38. Qf7+ Kh6 39. Qxf4+ Qxf4 40. Rxf4 Kg5 41. Rxf2 Nd5 42. Rf7 Ne3+ 43. Kf3 Nc4 44. Rc7 Nd2+ 45. Ke2 Ne4 46. Kd3 Kf4 47. Rf7+ Ke5 48. Rxa7 Nf2+ 49. Kc4 d3 50. Rd7 Ke4 51. Re7+ Kf3 52. Rf7+ Ke3 53. Rxf2 Kxf2 54. Kxd3 1-0

[Event "Warsaw Najdorf Memorial op-A 16th"]
[Site "Warsaw"]
[Date "2018.07.11"]
[Round "4"]
[White "Mulet, Piotr"]
[Black "Bartel, Michal"]
[Result "0-1"]
[WhiteElo "2202"]
[BlackElo "2349"]
[PlyCount "90"]
[EventDate "2018.07.08"]
[EventType "swiss"]
[EventRounds "9"]
[EventCountry "POL"]
[SourceTitle "CBM 185 Extra"]
[Source "ChessBase"]
[SourceDate "2018.07.29"]
[SourceVersion "1"]
[SourceVersionDate "2018.07.29"]
[SourceQuality "1"]

1. c4 e5 2. Nc3 d6 3. Nf3 f5 4. d4 e4 5. Ng5 h6 6. Nh3 g5 7. g3 Bg7 8. Bg2 Nc6 9. e3 Nf6 10. f3 exf3 11. Bxf3 g4 12. Bxc6+ bxc6 13. Nf4 0-0 14. 0-0 Rb8 15. Rb1 Qe8 16. Qc2 Nh7 17. Bd2 Ng5 18. b3 h5 19. h4 Nf3+ 20. Kg2 Bb7 21. Rbd1 Rd8 22. Qd3 Rd7 23. Qe2 c5 24. d5 Re7 25. Kf2 Bc8 26. Qd3 Qf7 27. Nb5 a6 28. Na7 Bd7 29. Nc6 Re4 30. Bc1 Rfe8 31. Kg2 Bh6 32. Rxf3 gxf3+ 33. Kxf3 Qg7 34. Kf2 Qg4 35. Ng2 f4 36. gxf4 Qh3 37. Rg1 Bg4 38. Ne5 R4xe5 39. fxe5 Rf8+ 40. Nf4 Rxf4+ 41. Ke1 Qxh4+ 42. Kd2 Qf2+ 43. Kc3 Qxg1 44. Qg6+ Bg7 45. exf4 Qxc1+ 0-1